| 000 | 00472 a2200169 4500 | ||
|---|---|---|---|
| 005 | 20250618131736.0 | ||
| 020 | _a9780072952421 | ||
| 082 | _a658.4012 DES | ||
| 100 | _aDESS,G.G. | ||
| 245 | _aStrategic Management: Creating Competitive advantages | ||
| 250 | _a2nd Ed. | ||
| 260 |
_aNewYork, _bMcGraw-Hill/Irwin, _c2005. |
||
| 300 |
_axxix,530p.:ill.;pictures _bBibliography, Index _c25.5cm |
||
| 700 | _aLumpkin,G.T. | ||
| 700 | _aTaylor, Marilyn L. | ||
| 942 |
_2ddc _cBKS |
||
| 999 |
_c4305 _d4305 |
||